من يحكم ايران؟ : (رقم التسجيلة. 118505)

تفاصيل مارك
000 -LEADER
fixed length control field 01651cam a2200361 a 4500
003 - CONTROL NUMBER IDENTIFIER
control field EG-GiCUC
008 - FIXED-LENGTH DATA ELEMENTS--GENERAL INFORMATION
fixed length control field 100322s2003 ts ab f 001 0 ara d
040 ## - CATALOGING SOURCE
Original cataloging agency EG-GiCUC
Language of cataloging ara
Transcribing agency EG-GiCUC
041 ## - LANGUAGE CODE
Language code of text/sound track or separate title {u200F}ara{u200F}
Language code of original {u200F}eng{u200F}
043 ## - GEOGRAPHIC AREA CODE
Geographic area code a-ye---
050 #4 - LIBRARY OF CONGRESS CALL NUMBER
Classification number DS318.9
Item number B83 2000
092 04 - LOCALLY ASSIGNED DEWEY CALL NUMBER (OCLC)
Classification number 303.30955{u200F}
Item number B921
Edition number 21
099 ## - LOCAL FREE-TEXT CALL NUMBER (OCLC)
Classification number 04
-- 303.30955{u200F} B921
100 1# - MAIN ENTRY--PERSONAL NAME
Personal name بوختا : ويلفريد
245 10 - TITLE STATEMENT
Title من يحكم ايران؟ :
Remainder of title بنية السلطة فى الجمهورية الاسلامية الايرانية /
Statement of responsibility, etc. ويلفريد بوختا
250 ## - EDITION STATEMENT
Edition statement ط1
260 ## - PUBLICATION, DISTRIBUTION, ETC.
Place of publication, distribution, etc. ابوظبى :
Name of publisher, distributor, etc. مركز الامارات للدراسات والبحوث الاستراتيجية :
Date of publication, distribution, etc. 2003
300 ## - PHYSICAL DESCRIPTION
Extent 333ص :
Other physical details ايض : خرائط ؛
Dimensions 24سم
490 1# - SERIES STATEMENT
Series statement دراسات مترجمة ؛
Volume/sequential designation 17
504 ## - BIBLIOGRAPHY, ETC. NOTE
Bibliography, etc. note يشتمل على ارجاعات ببليوجرافيه(ص325-333) و كشاف
546 ## - LANGUAGE NOTE
Language note الترجمة العربية لـ:Who Rules Iran? the structure of power in the Islamic Republic
650 #7 - SUBJECT ADDED ENTRY--TOPICAL TERM
Topical term or geographic name entry element الاسلام و السياسة
Geographic subdivision ايران
Source of heading or term qrmak
650 #7 - SUBJECT ADDED ENTRY--TOPICAL TERM
Topical term or geographic name entry element البناء الاجتماعى
Source of heading or term qrmak
650 #7 - SUBJECT ADDED ENTRY--TOPICAL TERM
Topical term or geographic name entry element التغير الاجتماعى
Source of heading or term qrmak
651 #7 - SUBJECT ADDED ENTRY--GEOGRAPHIC NAME
Geographic name ايران
General subdivision السياسة والحكومة
Chronological subdivision 1997-
Source of heading or term qrmak
651 #7 - SUBJECT ADDED ENTRY--GEOGRAPHIC NAME
Geographic name ايران
General subdivision تاريخ
Chronological subdivision العصر الحديث
Source of heading or term qrmak
830 #0 - SERIES ADDED ENTRY--UNIFORM TITLE
Uniform title دراسات مترجمة ؛
Volume/sequential designation 17
902 ## - LOCAL DATA ELEMENT B, LDB (RLIN)
No. of Items 3
905 ## - LOCAL DATA ELEMENT E, LDE (RLIN)
Cataloger جيهان
Reviser مراجع
905 ## - LOCAL DATA ELEMENT E, LDE (RLIN)
Cataloger عبير
Reviser مدخل
942 ## - ADDED ENTRY ELEMENTS (KOHA)
Source of classification or shelving scheme Dewey Decimal Classification
Koha item type Books
المقتنيات
Source of classification or shelving scheme Not for loan Home library Current library Date acquired Full call number Barcode Date last seen Koha item type Copy number
Dewey Decimal Classification   المكتبة المركزبة الجديدة - جامعة القاهرة قاعة الكتب - الدور الثاني 11.02.2024 303.30955{u200F} B921 01000100128169000 23.09.2023 Books C.1
Dewey Decimal Classification   المكتبة المركزبة الجديدة - جامعة القاهرة قاعة الكتب - الدور الثاني 11.02.2024 303.30955{u200F} B921 01000100128170000 23.09.2023 Books C.2
Dewey Decimal Classification   المكتبة المركزبة الجديدة - جامعة القاهرة مخزن الكتب - البدروم 11.02.2024 303.30955{u200F} B921 c.3 Store 01000100128171000 23.09.2023 Books  
Cairo University Libraries Portal Implemented & Customized by: Eng. M. Mohamady Contacts: new-lib@cl.cu.edu.eg | cnul@cl.cu.edu.eg
CUCL logo CNUL logo
© All rights reserved — Cairo University Libraries
CUCL logo
Implemented & Customized by: Eng. M. Mohamady Contact: new-lib@cl.cu.edu.eg © All rights reserved — New Central Library
CNUL logo
Implemented & Customized by: Eng. M. Mohamady Contact: cnul@cl.cu.edu.eg © All rights reserved — Cairo National University Library